00494nam a2200145Ia 4500008004100000020001500041050002300056100002700079245008700106260003700193300001900230650003000249650003200279650003700311120626s9999 xx 000 0 und d a9681317912 aHQ796 bL4518 2000 aLeman, Kevin eautor  aLas chicas inteligentes no lo hacen... y los muchachos tampoco c/ Kevin, Leman  aMéxico b: Edivision c, 2000  a142 páginas  0aPATERNIDAD (PSICOLOGÍA) 0aJUVENTUD vCONDUCTA SOCIAL  0aNOVIAZGO v(COSTUMBRES SOCIALES)